MARC details
| 000 -LEADER |
| fixed length control field |
02016nam a22004697a 4500 |
| 005 - DATE AND TIME OF LATEST TRANSACTION |
| control field |
20250919153734.0 |
| 020 ## - INTERNATIONAL STANDARD BOOK NUMBER |
| International Standard Book Number |
708431212121 |
| 040 ## - CATALOGING SOURCE |
| Original cataloging agency |
YDX |
| Language of cataloging |
eng |
| Transcribing agency |
YDX |
| Modifying agency |
JRZ |
| -- |
OCLCO |
| -- |
OCLCF |
| -- |
OCLCO |
| Description conventions |
rda |
| Modifying agency |
DLC |
| 082 04 - DEWEY DECIMAL CLASSIFICATION NUMBER |
| Classification number |
372.4 |
| 100 ## - MAIN ENTRY--PERSONAL NAME |
| Personal name |
LeapFrog |
| 245 00 - TITLE STATEMENT |
| Title |
Get ready for kindergarten : |
| 260 ## - PUBLICATION, DISTRIBUTION, ETC. |
| Place of publication, distribution, etc. |
California : |
| Name of publisher, distributor, etc. |
LeapFrog Enterprses, Inc ; |
| Date of publication, distribution, etc. |
2012 |
| 300 ## - PHYSICAL DESCRIPTION |
| Extent |
25 pages : |
| Other physical details |
color illustrations ; |
| Dimensions |
24 cm . |
| 490 ## - SERIES STATEMENT |
| Series statement |
Tag Reading System |
| 505 0# - FORMATTED CONTENTS NOTE |
| Formatted contents note |
H <br/> |
| 520 ## - SUMMARY, ETC. |
| Summary, etc. |
Explore key reading, mathematics and life skills that help children prepare for school. Play ... letter games with animal friends and use mathematics skills to serve snacks to silly dragons. Plus, solve logic puzzles and learn about daily routines on a jungle journey."--Container |
| 521 ## - TARGET AUDIENCE NOTE |
| Target audience note |
450 <br/> |
| Source |
Lexile estimate <br/> |
| 521 ## - TARGET AUDIENCE NOTE |
| Target audience note |
H <br/> |
| Source |
Raz-Plus <br/> |
| 650 #0 - SUBJECT ADDED ENTRY--TOPICAL TERM |
| Topical term or geographic name entry element |
Kindergarten |
| General subdivision |
Activity programs. |
| 650 #0 - SUBJECT ADDED ENTRY--TOPICAL TERM |
| Topical term or geographic name entry element |
Readiness for school |
| Form subdivision |
Juvenile literature. |
| 650 #0 - SUBJECT ADDED ENTRY--TOPICAL TERM |
| Topical term or geographic name entry element |
Alphabets |
| Form subdivision |
Juvenile literature. |
| 650 #0 - SUBJECT ADDED ENTRY--TOPICAL TERM |
| Topical term or geographic name entry element |
Counting |
| Form subdivision |
Juvenile literature. |
| 650 #6 - SUBJECT ADDED ENTRY--TOPICAL TERM |
| Topical term or geographic name entry element |
Jardins d'enfants |
| General subdivision |
Méthodes actives. |
| 650 #6 - SUBJECT ADDED ENTRY--TOPICAL TERM |
| Topical term or geographic name entry element |
Aptitude à la scolarité |
| Form subdivision |
Ouvrages pour la jeunesse. |
| 650 #6 - SUBJECT ADDED ENTRY--TOPICAL TERM |
| Topical term or geographic name entry element |
Alphabets (Décoration) |
| Form subdivision |
Ouvrages pour la jeunesse. |
| 650 #6 - SUBJECT ADDED ENTRY--TOPICAL TERM |
| Topical term or geographic name entry element |
Calcul |
| Form subdivision |
Ouvrages pour la jeunesse. |
| 650 #7 - SUBJECT ADDED ENTRY--TOPICAL TERM |
| Topical term or geographic name entry element |
Alphabets. |
| Source of heading or term |
fast |
| Authority record control number or standard number |
(OCoLC)fst00805974 |
| 650 #7 - SUBJECT ADDED ENTRY--TOPICAL TERM |
| Topical term or geographic name entry element |
Counting. |
| Source of heading or term |
fast |
| Authority record control number or standard number |
(OCoLC)fst00881354 |
| 650 #7 - SUBJECT ADDED ENTRY--TOPICAL TERM |
| Topical term or geographic name entry element |
Kindergarten |
| General subdivision |
Activity programs. |
| Source of heading or term |
fast |
| Authority record control number or standard number |
(OCoLC)fst00987553 |
| 650 #7 - SUBJECT ADDED ENTRY--TOPICAL TERM |
| Topical term or geographic name entry element |
Readiness for school. |
| Source of heading or term |
fast |
| Authority record control number or standard number |
(OCoLC)fst01090623 |
| 655 #7 - INDEX TERM--GENRE/FORM |
| Genre/form data or focus term |
exercise books. |
| Source of term |
aat |
| 655 #7 - INDEX TERM--GENRE/FORM |
| Genre/form data or focus term |
Activity books. |
| Source of term |
fast |
| Authority record control number or standard number |
(OCoLC)fst01982935 |
| 655 #7 - INDEX TERM--GENRE/FORM |
| Genre/form data or focus term |
Juvenile works. |
| Source of term |
fast |
| Authority record control number or standard number |
(OCoLC)fst01411637 |
| 655 #7 - INDEX TERM--GENRE/FORM |
| Genre/form data or focus term |
Problems and exercises. |
| Source of term |
fast |
| Authority record control number or standard number |
(OCoLC)fst01423783 |
| 655 #7 - INDEX TERM--GENRE/FORM |
| Genre/form data or focus term |
Problems and exercises. |
| Source of term |
lcgft |
| 655 #7 - INDEX TERM--GENRE/FORM |
| Genre/form data or focus term |
Activity books. |
| Source of term |
lcgft |
| 655 #7 - INDEX TERM--GENRE/FORM |
| Genre/form data or focus term |
Problèmes et exercices. |
| Source of term |
rvmgf |
| 655 #7 - INDEX TERM--GENRE/FORM |
| Genre/form data or focus term |
Cahiers d'activités. |
| Source of term |
rvmgf |
| 906 ## - LOCAL DATA ELEMENT F, LDF (RLIN) |
| a |
7 |
| b |
cbc |
| c |
copycat |
| d |
2 |
| e |
ncip |
| f |
20 |
| g |
y-gencatlg |
| 942 ## - ADDED ENTRY ELEMENTS (KOHA) |
| Source of classification or shelving scheme |
Dewey Decimal Classification |
| Koha item type |
Books |
| Suppress in OPAC |
No |
| 999 ## - |
| -- |
3950 |
| -- |
3950 |